000 00618nam a2200205Ia 4500
003 OSt
005 20230418092631.0
008 210423s2011 xx 000 0 und d
020 _a9780748635856
040 _cAL
041 _aeng
082 _a701.17
_223
_bMARD
100 _aMARTIN-JONES (David).
_989644
245 _aDeleuze cinema and national identity: narrative time in national contexts.
260 _aEdinburgh
_bEdinburgh University Press
_c2011
300 _aix,244
_bPB
365 _b2104
_cINR
906 _acinema ; contexts. ; Deleuze ; identity: ; narrative ; national ; time
942 _2ddc
_cBK
999 _c160605
_d160605